000 00202 a2200097 4500
001 19287
100 _aRyder, G H
245 _aTheory of machines
260 _a
_bMc Graw Hill
_c
090 _c14163
_d14163
942 _aNUST-CAE
_cM
_c4629
999 _c254360
_d254360